| 000 | 00761cab a2200253 4500 | ||
|---|---|---|---|
| 001 | ABS51199 | ||
| 008 | 090401t1994 xxu||||| |||| 00| 0 eng d | ||
| 035 | _a(Sirsi) u14583 | ||
| 041 | _aeng | ||
| 100 | _aChevin, D. | ||
| 245 | _aNo claims bonus | ||
| 260 | _c1994 | ||
| 350 | _a0 | ||
| 490 |
_aBuilding _v259(7856) 12 August 1994, 16-17(2) |
||
| 520 | _aAn examination of the strengths and weaknesses of the New Engineering Contract, including an at-a-glance guide to the NEC. | ||
| 650 | _aBAA | ||
| 650 | _aBUILT ENVIRONMENT-BUILDING CONTRACT FORMS | ||
| 650 | _aLATHAM REFORMS | ||
| 650 | _aNATIONAL POWER | ||
| 650 | _aNEW CONSTRUCTION CONTRACT | ||
| 690 | _aBUILT ENVIRONMENT-BUILDING CONTRACT FORMS | ||
| 942 | _n0 | ||
| 948 | _c04/03/1997 | ||
| 999 |
_c9515 _d9515 |
||